Basic Dutch Words - Statistics

General Stats
  • This quiz has been taken 82 times
  • The average score is 32 of 50
Answer Stats
Dutch English % Correct
Hallo Hello
98%
Naam Name
93%
Huis House
92%
Muis Mouse
92%
Auto Car
90%
Kaas Cheese
90%
Hond Dog
90%
Engeland England
90%
Papier Paper
90%
Amerika America
87%
Nieuw New
85%
Hart Heart
83%
Ik I
83%
Noord North
83%
Foto Photo
83%
Kat Cat
82%
Zee Sea
82%
Jongen Boy
80%
Jij You
80%
Vrouw Woman
78%
Groot Big
75%
Sandaal Sandal
75%
Boot Boat
73%
Tafel Table
72%
Sigaar Cigar
67%
Boom Tree
67%
Schoen Shoe
65%
Stoel Chair
63%
Kerk Church
63%
Oor Ear
63%
Vliegtuig Plane
60%
Woordenboek Dictionary
57%
Tuin Garden
50%
Staat State
48%
Been Leg
47%
Raam Window
47%
Hoog High
43%
Rugzak Backpack
42%
Bel Bell
42%
Bos Forest
42%
Doos Box
40%
Kleding Clothing
38%
Trap Stairs
38%
Hert Deer
37%
Potlood Pencil
35%
Hout Wood
35%
Touw Rope
28%
Hek Fence
27%
Kist Chest
23%
Kreeft Lobster
22%
No matching quizzes found
Score Distribution
Percent of People with Each Score
Percentile by Number Answered
Your Score History
You have not taken this quiz